000 00756cam a2200277 i 4500
001 345840
003 OSt
005 20140310184359.0
008 760805t19781943nyua j 000 1 eng
010 _a 76039988
020 _a0590090496
040 _aDLC
_cDLC
_dDLC
042 _alcac
050 0 0 _aPZ 7
_b.M1336Ho 1943
100 1 _aMcCloskey, Robert,
_d1914-2003.
_925655
245 1 0 _aHomer Price /
_cwritten and illustrated by Robert McCloskey.
260 _aNew York :
_bScholastic Inc.,
_c1943.
300 _a160 p. :
_bill. ;
_c20 cm.
521 _aG9
526 _c1000
650 1 _aHumorous stories.
_93831
906 _a7
_bcbc
_corignew
_d1
_eocip
_f19
_gy-gencatlg
942 _2lcc
_cBK-SCHOLAS
999 _c34026
_d34026